Juventus Players of the 2010s - Statistics

General Stats
  • This quiz has been taken 452 times
  • The average score is 49 of 98
Answer Stats
# Country Player % Correct
333 Italy Gianluigi Buffon
99%
362 Italy Giorgio Chiellini
98%
383 Italy Leonardo Bonucci
97%
171 Chile Arturo Vidal
96%
204 Argentina Paulo Dybala
96%
157 Bosnia & Herzegovina Miralem Pjanić
95%
156 Colombia Juan Cuadrado
94%
178 France Paul Pogba
92%
175 Brazil Alex Sandro
91%
162 Croatia Mario Mandžukić
91%
281 Italy Andrea Barzagli
90%
317 Italy Claudio Marchisio
89%
127 Argentina Gonzalo Higuaín
89%
144 Germany Sami Khedira
89%
259 Switzerland Stephan Lichtsteiner
89%
164 Italy Andrea Pirlo
86%
64 Portugal Cristiano Ronaldo
86%
156 Ghana Kwadwo Asamoah
84%
93 Spain Álvaro Morata
80%
44 Germany Emre Can
79%
78 Poland Wojciech Szczesny
78%
96 Argentina Carlos Tévez
77%
95 Italy Alessandro Del Piero
75%
86 Uruguay Rodrigo Bentancur
74%
119 France Blasie Matuidi
72%
12 France Adrien Rabiot
68%
92 Spain Fernando Llorente
67%
96 Montenegro Mirko Vučinić
67%
12 Brazil Danilo
66%
17 Netherlands Matthjis de Ligt
66%
59 Morocco Medhi Benatia
66%
82 France Patrice Evra
66%
105 Uruguay Martín Cáceres
65%
13 Wales Aaron Ramsey
64%
34 Portugal João Cancelo
64%
90 Italy Daniele Rugani
61%
82 Brazil Douglas Costa
59%
9 Italy Mattia Perin
58%
42 Gabon Mario Lemina
57%
92 Italy Alessandro Matri
54%
88 Italy Federico Bernardeschi
54%
57 Italy Mattia De Sciglio
54%
33 Brazil Dani Alves
50%
102 Italy Fabio Quagliarella
48%
5 Turkey Merih Demiral
47%
87 Italy Sebastian Giovinco
47%
68 Argentina Roberto Pereyra
46%
20 Croatia Marko Pjaca
45%
12 France David Trézéguet
43%
22 France Kingsley Coman
43%
11 Denmark Nicklas Bendtner
43%
59 Brazil Felipe Melo
41%
48 Chile Mauricio Isla
39%
90 Italy Stefano Sturaro
39%
50 Serbia Miloš Krasić
38%
83 Italy Paolo De Ceglie
38%
95 Italy Simone Pepe
38%
19 Venezuela Tomás Rincón
38%
21 Italy Moise Kean
36%
106 Italy Simone Padoin
36%
64 Italy Marco Storari
35%
12 Denmark Christian Poulsen
34%
45 Mali Mohamed Sissoko
34%
27 Brazil Diego
33%
19 Italy Fabio Cannavaro
31%
34 Italy Amauri
30%
35 Brazil Hernanes
30%
18 Paraguay Marcelo Estigarribia
30%
11 Italy Mauro Camoranesi
29%
24 Italy Simone Zaza
29%
33 Czechia Zdenek Grygera
29%
22 Brazil Neto
28%
55 Italy Angelo Ogbonna
27%
52 Italy Emanuele Giaccherini
27%
41 Italy Fabio Grosso
27%
26 Bosnia & Herzegovina Hasan Salihamidžić
27%
35 Italy Marco Motta
27%
33 Italy Vincenzo Iaquinta
27%
18 Austria Alexander Manninger
26%
12 Italy Leonardo Spinazzola
26%
16 Italy Luca Toni
25%
5 Netherlands Eljero Elia
23%
17 Italy Marco Borriello
22%
31 Italy Federico Peluso
20%
19 Denmark Frederik Sörensen
20%
21 Italy Luca Marrone
19%
18 Italy Daniel Osvaldo
18%
20 Uruguay Jorge Martínez
18%
22 Italy Nicola Legrottaglie
18%
34 Italy Alberto Aquilani
16%
20 Italy Antonio Candreva
16%
18 France Jonathan Zebina
16%
12 Senegal Armand Traoré
14%
5 Italy Rômulo
12%
9 Italy Michele Pazienza
11%
9 Italy Davide Lanzafame
7%
5 Italy Manuel Giandonato
5%
5 Italy Michele Paolucci
4%
No matching quizzes found
Score Distribution
Percent of People with Each Score
Percentile by Number Answered
Your Score History
You have not taken this quiz